000 01969nam0a2200397 4500
001 RU\NLR\bibl\1715268
005 20260408012417.0
010 _a978-5-7724-0157-6
_9100
021 _aRU
_b2010-91756
_96172
035 _a(nilc)RSL-KNO-004832930
035 _a(NLR Aleph) 001706282
090 _a1251928
_c1251928
100 _a20101122d2010 |||y0rusy50 ca
101 0 _arus
_aeng
102 _aRU
105 _ay |||||||||
200 1 _aФормирование разряда спайк-волна: генетические и эпигенетические факторы
_dShaping spike-wave discharges: genetic and epigenetic factors
_eматериалы конференции с международным участием
_f[науч. ред. В. В. Раевский]
_zeng
210 _aМосква
_cРусский врач
_d2010
215 _a39 с.
_d22
300 _aВ надзаг.: Ин-т высш. нервной деятельности и нейрофизиологии РАН
300 _aТекст рус., англ.
320 _aБиблиогр. в конце ст.
510 1 _aShaping spike-wave discharges: genetic and epigenetic factors
_zeng
606 1 _aЭпилепсия абсансная
_jСъезды, совещания и т.п.
_xЭкспериментальные исследования
_92622036
_3RU\NLR\auth\661558596
686 _aЕ744.739я431(0)
_2rubbk
686 _aЕ991.77-739я431(0)
_2rubbk
686 _aР627.709.2-14я431(0)
_2rubbk
686 _aР627.709.2я431(0)
702 1 _aРаевский
_bВ. В.
_gВладимир Вячеславович
_4340
712 0 2 _4570
_aИнститут высшей нервной деятельности и нейрофизиологии
_cМосква
_3RU\NLR\AUTH\8810174586
_9845221
801 0 _aRU
_bRuMoRKP
_c20101122
_grcr
801 1 _aRU
_bRuMoRGB
_c20101122
801 2 _aRU
_bNLR
_c20101217
_grcr
942 _cBOOK
980 _aNB